| 000 | 01020nam a22002057a 4500 | ||
|---|---|---|---|
| 005 | 20250109172646.0 | ||
| 010 | _aB-761612 | ||
| 020 |
_c495.00 _a9789382998648 |
||
| 035 | _aB-761612 | ||
| 037 | _bउपहार | ||
| 082 | _a362.613 | ||
| 100 |
_aयोगेश.के. _976308 |
||
| 245 |
_aसामाजिक और सामुदायिक स्वास्थ्य जागरूकता / _cके.योगेश एवं नमिता जैन |
||
| 260 |
_aनई दिल्ली _bशिवांक प्रकाशन _c2023 |
||
| 270 |
_a4598/12वी, प्रथम तल,गोला काटेज, अंसारी रोड, दरियागंज _bनई दिल्ली _e110002 _k011 23251265 |
||
| 300 | 1 |
_a252पृ _c23 सेमी (सजिल्द) |
|
| 700 |
_a जैन, नमिता _976309 |
||
| 942 |
_2ddc _cHN _h362.613 _mयोगेश.के. |
||
| 999 |
_c208338 _d208338 |
||